Vista normal
Vista MARC
Entrada Meeting Name
Número de registros utilizados en: 1
001 - CONTROL NUMBER
- control field: 39719
003 - CONTROL NUMBER IDENTIFIER
- control field: OSt
005 - DATE AND TIME OF LATEST TRANSACTION
- control field: 20210826114436.0
008 - FIXED-LENGTH DATA ELEMENTS
- fixed length control field: 210826|| aca||aabn | a|a d
040 ## - CATALOGING SOURCE
- Original cataloging agency: OSt
- Transcribing agency: OSt
111 ## - HEADING--MEETING NAME
- Meeting name or jurisdiction name as entry element: Encuentro de Comisionistas
- Number of part/section/meeting: (7° :
- Date of meeting or treaty signing: 1992 :
- Location of meeting: Cartagena)
670 ## - SOURCE DATA FOUND
- Source citation: Work cat.: (OSt)8070: 16250, VII Encuentro de comisionistas / , 1992